đź§  Quel nombre manque ? - Statistiques

Statistiques générales
  • Ce quiz a Ă©tĂ© pris 152 fois
  • Le rĂ©sultat moyen est 7 sur 16
Statistiques - réponses
Suite Nombre % Correct
2, 4, 8, 16, ? 32
100%
1, 1, 2, 3, 5, ? 8
98%
100, 90, 81, 73, ? 66
84%
1, 4, 9, 16, ? 25
71%
13, 17, 19, 23, 29, ? 31
50%
81, 27, 9, 3, ? 1
48%
1, 10, 11, 100, 101, ? 110
47%
50, 25, 26, 13, 14, ? 7
38%
20, 19, 17, 14, 10, ? 5
36%
121, 144, 169, 196, ? 225
35%
1, 2, 6, 24, 120, ? 720
29%
1, 11, 21, 1211, 111221, ? 312211
27%
1, 2, 5, 10, 17, 26, ? 37
23%
5, 2, 8, 9, 4, 7, ? 6
17%
1, 8, 27, ? 64
13%
16, 33, 45, ? 78
4%
Aucun quiz correspondant
Distribution des résultats
% des personnes avec chaque résultat
Percentile par nombre de réponses
Votre historique - résultats
Vous n’avez pas pris ce quiz